000 00563nam a2200229 i 4500
001 C2-0097892
003 PPAK
005 20180727094258.0
008 970526s1974 enk |||| ||||| | eng d
020 _a434965553
040 _aPPAK
_beng
_cPPAK
_erda
082 0 4 _a823
_223
090 0 0 _a823
_bTAT
_dG
100 1 _aTate, Joan,
_eauthor
245 1 0 _aWhizz kid
264 1 _aLondon :
_bHeinemann ,
_c1974
300 _a90 pages ;
_c21 cm
336 _2rdacontent
_atext
337 _2rdamedia
_aunmediated
338 _2rdacarrier
_avolume
942 _ddc
_cB
999 _c21622
_d21622